1242 1341 1321 1990 1493 1652 1321 1476 1250 1140 1701 1852 1729 1446 1935 1239 1267 1135 1763 1944 1614 1285 1528 1994 1883 1368 1383 1831 1525 1111 1484 1638 1932 1340 1898 1949 1880 1446 1996 1187 1573 1463 1776 1067 1571 1762 1529 1807 1171 1153 1432 1580 1336 1721 1465 1210 1464 1994 1968 1541 1239 1594 1702 1229 1549 1942 1485 1293 1547 1152 1922 1048 1037 1626 1102 1544 1469 1111 1539 1043 1724 1068 1506 1029 1375 1064 1546 1683 1155 1588 1475 1600 1270 1115 1051 1898 1143 1984 1328 BCNSPRNW ULIB Ver.6.0+V

เปลี่ยนเป็นภาษาไทย

Change to English
 แสดงรายละเอียดบรรณานุกรม
  กลับหน้าหลัก

Brief Record : Get Marc (ISO 2709) : E-mail record : QR code < ปิดหน้าต่าง
LEADER : 00000nam 2200000uu 4500
001    13399121903
003     ULIB
008    121213s2545||||th 000 0 tha d
020    ^a9749057244
060 04 ^aWO275^bอ485ว
245 00 ^aวิสัญญีวิทยาทันยุค :^bแนวทางปฏิบัติ /^cอังกาบ ปราการรัตน์... [และคนอื่นๆ]
250    ^aพิมพ์ครั้งที่ 1
260    ^aกรุงเทพฯ :^bภาควิชาวิสัญญีวิทยา คณะแพทยศาสตร์ศิริราชพยาบาลมหาวิทยาลัยมหิดล,^c2545
300    ^a280 หน้า :^bภาพประกอบ ;^c30 ซม.
650  7 ^aวิสัญญีวิทยา
653    ^aผลงานอาจารย์คณะแพทยศาสตร์ศิริราชพยาบาล
700 0  ^aอังกาบ ปราการรัตน์
710 2  ^aมหาวิทยาลัยมหิดล. ^bคณะแพทยศาสตร์ศิริราชพยาบาล.^bภาควิชาวิสัญญีวิทยา
945    ^p180^l0^i24816
995    ^a ทศพร
999    ^aทศพร เกษรทอง
รายการนี้ยังไม่มีแท็ก
คุณยังไม่ได้ล็อกอิน คุณสามารถมีกิจกรรมร่วมกับเว็บไซต์ได้ แต่ต้องล็อกอินก่อน ::
  ล็อกอิน

รายการสื่อสารสนเทศ

ลำดับที่ ประเภท เลขเรียก/บาร์โค้ด สถานที่ สถานะ
1. วิทยาศาสตร์การแพทย์ และสุขภาพ
วิทยาศาสตร์การแพทย์ และสุขภาพ
WO275 อ485ว ฉ.1 
  Barcode: 24816
ห้องสมุดวิทยาเขตสวรรค์ประชารักษ์
►หนังสือทั่วไป
บนชั้น

รายการใกล้เคียง
    หัวเรื่อง [วิสัญญีวิทยา]

BibComment


ยังไม่เคยถูกคอมเมนท์

คอมเมนท์ทรัพยากรรายการนี้
  คอมเมนท์: วิสัญญีวิทยาทันย..


 Copyright 2026. Bcnsprnw @Library